000 00239nam a2200097Ia 4500
001 689209
005 20250826161630.0
008 250824s9999 xx 000 0 und d
245 0 _aDA VİNCİ ŞİFRESİ
_cDAN BROWN
260 _bALTIN KİTAPLAR
999 _c689209
_d689209